Menyemarakkan Nilai-Nilai Murni dan Pengukuhan Perkhidmatan Awam Negeri Yang Berkualiti : Daripada Perspektif YB. Setiausaha Kerajaan Negeri Selangor

Bibliographic Details
Main Author: Hashim Meon (Author)
Format: Book
Language:Malay
Published: Kuala Lumpur : Pejabat Setiausaha Kerajaan Negeri Selangor dan pusat Penyelidikan Institut Perkembangan Minda 1999
Subjects:

MARC

LEADER 00000cam a2200000 7i4500
001 0000006866
005 20240913.0
008 240227 my may
020 |a 9839184466 (paperback) 
040 |a INS   |b eng   |e rda 
090 0 0 |a RBP43.M42002   |b .H344 1999 
100 0 |a Hashim Meon ,   |e author 
245 1 0 |a Menyemarakkan Nilai-Nilai Murni dan Pengukuhan Perkhidmatan Awam Negeri Yang Berkualiti :   |b Daripada Perspektif YB. Setiausaha Kerajaan Negeri Selangor   |c Dato' Hashim Meon 
264 1 |a Kuala Lumpur :   |b Pejabat Setiausaha Kerajaan Negeri Selangor dan pusat Penyelidikan Institut Perkembangan Minda   |c 1999 
300 |a 595 pages ;   |c 20 cm. 
336 |a text  |2 rdacontent 
337 |a unmediated  |2 rdamedia 
338 |a volume  |2 rdacarrier 
650 0 |a Civil service ethics   |z Selangor 
650 0 |a Civil service   |z Selangor 
650 0 |a Speeches addresses, etc. 
650 0 |a Total quality management   |z Selangor 
999 |a 0000007536   |b BOOK   |c Red Spot   |e Default branch